| 000 | 01212cam a2200289Ia 4500 | ||
|---|---|---|---|
| 001 | bonapptitbestp01newy | ||
| 003 | CaSfIA | ||
| 005 | 20210117221201.0 | ||
| 007 | cr|||| | ||
| 008 | 960206s1994 nyua 001 0 eng d | ||
| 040 |
_aTAP _cTAP _dOCL _dIHI _dCaSfIA |
||
| 035 | _a(OCoLC)34142251 | ||
| 050 | 4 |
_aTX809 _b.M17 1994 |
|
| 082 | 4 | _a641.822 | |
| 245 | 0 | 0 |
_aBon Appétit best pastas. _h[electronic resource] |
| 246 | 3 | 0 | _aBest pastas |
| 260 |
_aNew York : _bCondé Nast, _cc1994. |
||
| 300 |
_a2 v. : _bill. ; _c14 x 22 cm. |
||
| 505 | 0 | 0 |
_gv. 1. _tSauces and toppings for fresh and dried pastas -- _gv. 2. _tFilled and baked pastas, salads, and more. |
| 500 | _aIncludes indexes. | ||
| 650 | 0 | _aCookery (Pasta) | |
| 730 | 0 | _aBon appétit. | |
| 856 | 4 | 1 |
_uhttp://www.archive.org/details/bonapptitbestp01newy _zFree eBook from the Internet Archive _3Volume 1 |
| 942 | _cEB | ||
| 506 | _fНеобхідна авторизація на https://archive.org/ (створення облікового запису безкоштовно) | ||
| 506 | _fНеобхідна авторизація на https://openlibrary.org/ (створення облікового запису безкоштовно) | ||
| 999 |
_c475519 _d475519 |
||